Dopasuj polskie miasto do województwa #2 - klikanie - Statystyki

Ogólne statystyki
  • Ten quiz został rozwiązany 38 razy
  • Średni wynik to 12 z 20
Statystyki odpowiedzi
Hint Odpowiedź % Poprawnych
Oświęcim Małopolskie
94%
Władysławowo Pomorskie
88%
Skarżysko-Kamienna Świętokrzyskie
84%
Koszalin Zachodniopomorskie
81%
Skierniewice Łódzkie
78%
Mielec Podkarpackie
75%
Lidzbark Warmińsko-mazurskie
72%
Nowa Sól Lubuskie
69%
Namysłów Opolskie
63%
Sejny Podlaskie
63%
Kępno Wielkopolskie
63%
Stoczek Łukowski Lubelskie
56%
Sierpc Mazowieckie
56%
Kłobuck Śląskie
56%
Bogatynia Dolnośląskie
50%
Brodnica Kujawsko-pomorskie
44%
Gogolin Opolskie
44%
Pyrzyce Zachodniopomorskie
44%
Czemierniki Lubelskie
31%
Jedwabne Podlaskie
28%
Nie znaleziono quizów pasujących do podanych kryteriów
Rozkład punktacji
Procent ludzi z każdym wynikiem
Percentyl według liczby udzielonych odpowiedzi
Twoja historia wyników
Nie rozwiązałeś tego quizu